| 000 | 00541nam a2200181Ia 4500 | ||
|---|---|---|---|
| 001 | 9474 | ||
| 005 | 20260306161721.0 | ||
| 008 | 260306t2013||||xx |||||||||||||| ||spa|| | ||
| 041 | _aESP | ||
| 082 |
_a379.156 _bI59 |
||
| 100 |
_aInstituto Peruano de Evaluacion, Acreditacion y Certificacion de la Calidad de la Educacion Basica _eAUT |
||
| 245 | 0 |
_aMapas de progreso del aprendizaje: _bmatematica: Cambio y relaciones |
|
| 260 | _c2013 | ||
| 300 |
_a43 páginas : _c30 cm. |
||
| 650 | _aGEN | ||
| 654 | _aCED | ||
| 942 |
_cLIB _dJUS _fJUS _2ddc _n |
||
| 999 |
_c9474 _d9474 |
||